LEADER 00991nam a2200229 4500 001 000000343535 003 CaOOAMICUS 005 20250709161109.0 008 201224s1999 it 000 u ita r 040 $aSeMil$bita 110 2 $aKraus$c.$0(OLS)http://semarc/name/112691 245 10$aScience :$bbooks, manuscripts, & autographs in various scientific fields. 264 1$aNew York :$bH. P. Kraus,$c[1999?] 300 $a138 p. :$bill. ;$c28 cm 490 1 $aCatalogue ;$v215 650 4$aLibri rari, antichi e di pregio - Cataloghi.$0(OLS)http://semarc/subject/79 830 0$aCatalogue ;$v215.$0(OLS)http://semarc/title/207647 850 $aSeMil 852 $aSeMil$W1$xVenegono$y1$m3Y V 20$j259443$B234536$CSeMilBibl$Z2$F234536 $81 996 $6245$aScience :$bbooks, manuscripts, & autographs in various scientific fields$9(OLS)http://semarc/title/432525 996 $6264$aNew York :$bH. P. Kraus$9(OLS)http://semarc/publisher/59444 LEADER 01152nam a2200265 i 4500 001 000000191526 003 CaOOAMICUS 005 20260311120102.0 008 170829s2004 xxu u000 u eng u 013 $a170082 020 $a978-0-300-13985-3 040 $aSeMil$bita 245 10$aGalatians :$ba new translation with introduction and commentary /$cJ. Louis Martyn. 260 $aNew Haven ; London :$bYale University Press,$c2004. 300 $axxiv, 614 p. :$bill., carte geogr. ;$c23 cm. 490 0 $aThe Anchor Bible ;$v33.A 700 1 $aMartyn, James Louis <1825- >.$0(OLS)http://semarc/name/93735 830 4$aThe Anchor Bible ;$v33.A.$0(OLS)http://semarc/title/472 850 $aSeMil 852 $aSeMil$W1$xVenegono$y1$mSL1.R II 33A$j142140$B142140$CSeMilBibl$Z2$F153693 $8I 961 $aSottoscrizione: Casa editrice 996 $6020$a978-0-300-13985-3$9(OLS)http://semarc/number/182628 996 $6245$aGalatians :$ba new translation with introduction and commentary$9(OLS)http://semarc/title/275984 996 $6260$aNew Haven ; London :$bYale University Press$9(OLS)http://semarc/publisher/30327